000 00810nam a2200253 i 4500
003 DO-SdBNP
005 20240301073829.0
006 a||||gr|||| 00| 0
007 ta
008 230803e2000 dr ||||| |||| 00| e spa d
040 _aDO-SdBNP
_bspa
_cBNPHU
_erda
082 4 _222
_bB641j
100 1 _aJorge Blanco, Salvador,
_d1926-2010
_eautor
_930551
245 1 0 _aJuicio a Jesús. /
_cSalvador Jorge Blanco; prólogo, Tony Raful
264 1 _asanto Domingo :
_bcorripio,
_c2000
300 _a147 páginas ;
_c26 cm.
336 _2rdacontent
_atexto
_btxt
337 _2rdamedia
_asin mediación
_bn
338 _2rdacarrier
_avolumen
_bnc
500 _aIncluye bibliografía y notas al pie de páginas
590 _aInventariado 2023 / MF
700 1 _aRaful, Tony,
_d1951-
_eprólogo
_91377
942 _2ddc
_cLBS1
999 _c54315
_d54315